| 000 | 00617nam a2200217 a 4500 | ||
|---|---|---|---|
| 005 | 20230905063621.0 | ||
| 008 | 010612s1995 r 000 0 eng d | ||
| 020 | _a8420694452 | ||
| 035 | _aUPN01000108129 | ||
| 049 | _aCG | ||
| 050 | 4 |
_aGV706.4 _bP4.7 |
|
| 100 | 1 | _aPérez, Guillermo | |
| 245 | 1 | 0 |
_aPsicología y deporte / _cGuillermo Pérez, Jaume Cruz, Josep Roca. |
| 260 |
_aMadrid : _bAlianza, _c1995. |
||
| 300 |
_a223 p. _bil. |
||
| 440 | 0 | _aDeporte y salud | |
| 650 | 0 |
_aDeportes _xAspectos psicológicos _912171 |
|
| 700 | 1 |
_aCruz, Jaume, _ecoaut. |
|
| 700 | 1 |
_aRoca, Josep, _ecoaut. |
|
| 905 | _aLibro | ||
| 999 |
_c82041 _d82041 |
||